Misterios urbanos ii /

Guardado en:
Autor Principal: Montero, José
Otros Autores: Oliver, Patricio; il
Formato: Libro
Publicado: Buenos Aires : Quipu, 2014
Materias:
Etiquetas: Agregar Etiqueta
Sin Etiquetas, Sea el primero en etiquetar este registro!
LEADER 00849nam a22002415a 4500
001 CEM.cems015070
005 20191108184513.0
008 130507s2014##################000#0#####d
003 CEMS
020 |a 9789875041196 
082 0 4 |a A868.4 
100 1 |a Montero, José 
245 1 0 |a Misterios urbanos ii /  |c José Montero ; ilustrado Por Patricio Oliver 
260 |a Buenos Aires :  |b Quipu,  |c 2014 
300 |a 128 p. 
505 0 |a La noche infinita -- Viaje infernal -- La maldición -- Quiero contar mi desgracia -- Tatuaje -- La conexión Leo -- La aparición 
653 |a Literatura 
653 |a Literatura argentina 
653 |a Literatura infantil 
653 |a Cuentos infantiles 
653 |a Colección ciencias de la educación 
700 1 |a Oliver, Patricio; il 
859 |a CEMS  |b BIB. CEMS - Ccias. Educacion  |h A868.4  |i M764-3  |k CE  |p 28050.19  |t Ej.1